MLB Baseball Teams by (Questionably Helpful) Picture Clues - Statistics

General Stats
  • This quiz has been taken 303 times
  • The average score is 18 of 30
Answer Stats
Picture Hint Answer % Correct
Cubs
97%
Pirates
93%
Red Sox
92%
Orioles
90%
White Sox
88%
Rockies
86%
Diamondbacks
84%
Marlins
82%
Rangers
79%
Twins
77%
Dodgers
76%
Blue Jays
73%
Royals
73%
Nationals
71%
Tigers
70%
Giants
67%
Brewers
60%
Padres
60%
Cardinals
50%
Braves
48%
Yankees
42%
Angels
39%
Reds
38%
Athletics
37%
Rays
37%
Mets
27%
Phillies
27%
Guardians
22%
Astros
21%
Mariners
19%
No matching quizzes found
Score Distribution
Percent of People with Each Score
Percentile by Number Answered
Your Score History
You have not taken this quiz